Unamuno: pensamiento político. Selección de textos y estudio preliminar

محفوظ في:
التفاصيل البيبلوغرافية
المؤلف الرئيسي: Díaz, Elías
التنسيق: نص
منشور في: Madrid: Tecnos
الوسوم: إضافة وسم
لا توجد وسوم, كن أول من يضع وسما على هذه التسجيلة!

MARC

LEADER 00000 a a2200000 04500
001 24311
003
040
090 |a 166400  
100 |a Díaz, Elías  
245 |a Unamuno: pensamiento político. Selección de textos y estudio preliminar  
260 |a Madrid:   |b Tecnos  
300 |a 891 p.  
999 |c 14464  |d 14464